ბათუმის შოთა რუსთაველის სახელმწიფო უნივერსიტეტის ბიბლიოთეკა

რა უნდა გააკეთოს თითოეულმა მასწავლებელმა სამოქალაქო განათლებისა და ადამიანის უფლებების შესახებ სწავლების ხელშესაწყობად : (ბიბ.ჩანაწერი № 37517)

000 -ლიდერი
ფიქსირებული სიგრძის საკონტროლო ველი 02347nam a2200325Ia 4500
001 - საკონტროლო ნომერი
საკონტროლო ველი 3481
003 - საკონტროლო ნომრის იდენტიფიკატორი
საკონტროლო ველი GE_BSU
005 - ბოლო ოპერაციის თარიღი და დრო
საკონტროლო ველი 20190619185837.0
008 - ფიქსირებული სიგრძის მონაცემთა ელემენტები - ზოგადი ინფორმაცია
ფიქსირებული სიგრძის საკონტროლო ველი 181216s2009||||ge |||||||||||||| ||geo||
020 ## - წიგნის საერთაშორისო სტანდარტული ნომერი
International Standard Book Number 9789941015618
040 ## - კატალოგიზაციის წყარო
Transcribing agency GE_BSU
041 ## - ენის კოდი
Language code of text/sound track or separate title geo
080 ## - უნივერსალური ათობითი კლასიფიკაციის ინდექსი
Universal Decimal Classification number 373.5.035+341.231.14+321.7 ბ–91
100 ## - მთავარი ჩანაწერი - პიროვნების სახელი
Personal name ბრეტი, პიტერ
9 (RLIN) 2630
245 ## - ცნობა სათაურის შესახებ
Title რა უნდა გააკეთოს თითოეულმა მასწავლებელმა სამოქალაქო განათლებისა და ადამიანის უფლებების შესახებ სწავლების ხელშესაწყობად :
Remainder of title მასწავლებელთა კომპეტენციების ჩარჩო /
Statement of responsibility, etc პიტერ ბრეტი, პასკალ მომპოინტ-გელარდი და მარია ელენა სალემა ; წიგნზე ასევე მუშაობდნენ: ვირგილიო მეირა სოარესი და სხვ. ; მთარგმნ. მაია ჩანქსელიანი ; რედ. ნათია ნაცვლიშვილი ; ილ. პეტი ვისკემანი.
250 ## - გამოცემის ცნობა
Edition statement პირველი ქართ. გამოცემა
264 ## - წარმოების, გამოცემის, დისტრიბუციის და სხვა ცნობები
გამოცემის, წარმოების, დისტრიბუციის... ადგილი თბილისი :
გამოცემის, წარმოების, დისტრიბუციის... სახელწოდება ევროპის საბჭო,
გამოცემის, წარმოების, დისტრიბუციის... თარიღი 2009.
300 ## - ფიზიკური აღწერა
Extent 75 გვ. :
Other physical details ცხრ. ;
Dimensions 29 სმ.
501 ## - შენიშვნა თანმხლებ მასალაზე
With note დანართი: გვ. 68-70.
504 ## - BIBLIOGRAPHY, ETC. NOTE
Bibliography, etc ბიბლიოგრ: გვ. 71-75.
653 ## - INDEX TERM--UNCONTROLLED
Uncontrolled term სამოქალაქო განათლება
653 ## - INDEX TERM--UNCONTROLLED
Uncontrolled term ადამიანის უფლებები
653 ## - INDEX TERM--UNCONTROLLED
Uncontrolled term დემოკრატია
700 ## - ADDED ENTRY--PERSONAL NAME
Personal name მომპოინტ-გელარდი, პასკალ
Relator term ავტორი
9 (RLIN) 2631
700 ## - ADDED ENTRY--PERSONAL NAME
Personal name სალემა, მარია ელენა
Relator term ავტორი
9 (RLIN) 2632
700 ## - ADDED ENTRY--PERSONAL NAME
Personal name ჩანქსელიანი, მაია
Relator term მთარგმნელი
9 (RLIN) 2570
700 ## - ADDED ENTRY--PERSONAL NAME
Personal name ნაცვლიშვილი, ნათია
Relator term რედაქტორი
9 (RLIN) 890
700 ## - ADDED ENTRY--PERSONAL NAME
Personal name ვისკემანი, პეტი
Relator term მხატვარი
9 (RLIN) 2633
942 ## - ADDED ENTRY ELEMENTS (KOHA)
Koha item type წიგნი
Source of classification or shelving scheme
ეგზემპლარები
ჩამოწერის სტატუსი დაკარგული ეგზემპლარის სტატუსი კლასიფიკაციის წყარო ან თაროზე გაწყობის სქემა დაზიანების სტატუსი არ გაიცემა მუდმივი მდებარეობა (დაცვის ადგილი) ამჟამინდელი ადგილსამყოფელი თაროზე განთავსების ადგილი შეძენის თარიღი სრული შენახვის შიფრი შტრიხკოდი ბოლო ოპერაციის თარიღი ეგზემპლარის მიმდევრობითი ნომერი (კეტერი?) ფასის ძალაში შესვლის თარიღი ეგზემპლარის სახეობა საჯარო შენიშვნა
          ბათუმის შოთა რუსთაველის სახელმწიფო უნივერსიტეტის მთავარი ბიბლიოთეკა ბათუმის შოთა რუსთაველის სახელმწიფო უნივერსიტეტის მთავარი ბიბლიოთეკა წიგნსაცავი 2018-12-17 373.5.035+341.231.14+321.7 ბ–91 5014 2018-12-17 5014 2018-12-17 წიგნი
          ბათუმის შოთა რუსთაველის სახელმწიფო უნივერსიტეტის მთავარი ბიბლიოთეკა ბათუმის შოთა რუსთაველის სახელმწიფო უნივერსიტეტის მთავარი ბიბლიოთეკა წიგნსაცავი 2018-12-17 373.5.035+341.231.14+321.7 ბ–91 5015 2018-12-17 5015 2018-12-17 წიგნი
          ბათუმის შოთა რუსთაველის სახელმწიფო უნივერსიტეტის მთავარი ბიბლიოთეკა ბათუმის შოთა რუსთაველის სახელმწიფო უნივერსიტეტის მთავარი ბიბლიოთეკა წიგნსაცავი 2018-12-17 373.5.035+341.231.14+321.7 ბ–91 5016 2018-12-17 5016 2018-12-17 წიგნი
          ბათუმის შოთა რუსთაველის სახელმწიფო უნივერსიტეტის მთავარი ბიბლიოთეკა ბათუმის შოთა რუსთაველის სახელმწიფო უნივერსიტეტის მთავარი ბიბლიოთეკა წიგნსაცავი 2018-12-17 373.5.035+341.231.14+321.7 ბ–91 5017 2018-12-17 5017 2018-12-17 წიგნი
          ბათუმის შოთა რუსთაველის სახელმწიფო უნივერსიტეტის მთავარი ბიბლიოთეკა ბათუმის შოთა რუსთაველის სახელმწიფო უნივერსიტეტის მთავარი ბიბლიოთეკა წიგნსაცავი 2018-12-17 373.5.035+341.231.14+321.7 ბ–91 5018 2018-12-17 5018 2018-12-17 წიგნი
          ბათუმის შოთა რუსთაველის სახელმწიფო უნივერსიტეტის მთავარი ბიბლიოთეკა ბათუმის შოთა რუსთაველის სახელმწიფო უნივერსიტეტის მთავარი ბიბლიოთეკა წიგნსაცავი 2018-12-17 373.5.035+341.231.14+321.7 ბ–91 5019 2018-12-17 5019 2018-12-17 წიგნი